000 01262cab a2200409 4500
001 ABS46885
008 090401t1992 xxu||||| |||| 00| 0 eng d
035 _a(Sirsi) u97526
041 _aeng
100 _aHouston, Ken
245 _aOut of the park?
260 _c1992
350 _a0
490 _aACM
_v96(1033) August 1992, 41-43(3)
520 _aDiscusses modern large-scale commercial accommodation, in and around Edinburgh and Glasgow. Argues that city centre and business park accommodation do not necessarily compete with one another.
650 _aBONNINGTON ROAD
650 _aBUSINESS PARKS
650 _aCALLENDER PARK
650 _aEDINBURGH CONFERENCE CENTRE
650 _aEDINBURGH PARK
650 _aEDINBURGH
650 _aFALKIRK
650 _aGLASGOW
650 _aLANARKSHIRE
650 _aMOSSEND
650 _aPROPERTY-COMMERCIAL PROPERTY-OFFICE PROPERTY-OFFICE PROPERTY MARKET
650 _aOFFICE SPACE
650 _aSALTIRE COURT
650 _aSCOTLAND
650 _aSOUTH GYLE
650 _aSTRATHCLYDE BUSINESS PARK
650 _aTAY HOUSE
690 _aPROPERTY-COMMERCIAL PROPERTY
690 _aPROPERTY-COMMERCIAL PROPERTY-COMMERCIAL PROPERTY MARKET
942 _n0
948 _c04/03/1997
999 _c59631
_d59631